| 000 | 00663nas a2200241 4500 | ||
|---|---|---|---|
| 001 | BR2019001881 | ||
| 003 | BR-BrBNA | ||
| 005 | 20231205132006.0 | ||
| 007 | ta | ||
| 008 | 230509b bl.|||p| |||| 00| 00por d | ||
| 040 |
_aBR-BrBNA _bpor _cBiblioteca Nacional de Agricultura |
||
| 041 | _a(Pt) | ||
| 072 | _aF01; F08; F62 | ||
| 100 | 1 | _aSoares, E. | |
| 100 | 1 | _a | |
| 245 | 1 | _aÉ hora de cultivar da horta | |
| 650 | _aHORTALIÇA FOLHOSA | ||
| 650 | _aADUBAÇÃO FOLIAR | ||
| 650 | _aMANEJO | ||
| 773 | 0 |
_tRevista Produz (Brazil) _x1806-8103 _g(2011), v. 6(58) p. 20-25 _wBR2019001881 |
|
| 909 |
_a202311 _bLúcia _c55 _dLúcia Elande |
||
| 942 |
_2AGRIS _n0 _cANA |
||
| 999 |
_c257852 _d257852 |
||